000 00706nam a2200241Ia 4500
003 OSt
005 20220927105316.0
006 a|||||r|||| 00| 0
007 ta
008 220926b |||||||| |||| 00| 0 eng d
020 _a9789210612227
024 _a174111
037 _cReference Collections
040 _aRTL
_cRTL
_beng
041 _2eng
_aeng
082 _a"X9(F55).2s, P7/UN"
110 _a"UNITED NATIONS ,ECONOMIC AND SOCIAL AFFAIRS"
245 0 _aEnergy statistics yearbook
260 _aNew
_bYork United Nations
_c2007
700 _a"UNITED NATIONS ,ECONOMIC AND SOCIAL AFFAIRS"
942 _h"X9(F55).2s, P7/UN"
_cCC
999 _c691726
_d691726